[Event "Quebec Montcalm op 2 2014-15"]
[Site "Quebec"]
[Date "2014.10.30"]
[Round "4"]
[White "Ripoll, Arthur"]
[Black "Aubin Charron, Xavier"]
[Result "1-0"]
[WhiteElo "1744"]
[BlackElo "1734"]
[PlyCount "67"]
[EventDate "2014.10.09"]
[EventType "swiss"]
[EventRounds "5"]
[EventCountry "CAN"]
[SourceTitle "EXT 2022"]
[Source "ChessBase"]
[SourceDate "2021.10.06"]
[SourceVersion "1"]
[SourceVersionDate "2021.10.06"]
[SourceQuality "1"]

1. e4 c5 2. d4 cxd4 3. c3 g6 4. Nf3 Bg7 5. Bc4 h6 6. 0-0 e6 7. cxd4 Ne7 8. Nc3 a6 9. e5 d5 10. Bd3 b5 11. Be3 0-0 12. Qd2 Kh7 13. Ne2 Nf5 14. g4 Nxe3 15. Qxe3 f5 16. exf6 Bxf6 17. Nf4 Rg8 18. Rac1 e5 19. Nxe5 Bxe5 20. Qxe5 Bxg4 21. Rc7+ Nd7 22. Rfc1 Rg7 23. Qxd5 Qf6 24. Nxg6 Bf3 25. Qf5 Rf8 26. Qxf6 Nxf6 27. Rxg7+ Kxg7 28. Nxf8 Kxf8 29. Rc7 Nd5 30. Ra7 Nb4 31. Bg6 Bd5 32. a3 Nc6 33. Rxa6 Nxd4 34. Bh5 1-0